000
00338 a2200157 4500
001
14174
020
_a
9788504015591 (broch.)
040
_c
Anchieta - Aquarius
100
_a
Junqueira, Beto
240
1
0
_a
=Os natos
_l
por
245
1
0
_a
=Os natos
300
_a
231p.
362
0
_a
2009
650
4
_a
Literatura brasileira
942
_c
BK
999
_c
14174
_d
14174